000 00729cam a22002291 4500
001 he 65000804
003 DLC
005 20260227111431.0
008 840521s1965 is 000 0 heb
010 _ahe 65000804
035 _a(OCoLC)19159655
040 _aDLC
_cMH
_dDLC
042 _apremarc
050 0 0 _aKMK72
_b.L49 1965
100 1 _aLevin, Shlomo
245 1 3 _aha-Ḥoḳ naḥalat ha-kelal :
_bmadrikh ʻamami le-ḥuḳe ha-medinah.
260 _a[Tel Aviv] :
_bḤevrah Yiśreʼelit le-hakhsharah miḳtsoʻit, Mekhirah rashit, A. Zalḳovits,
_c[1965]
300 _a24, 284 p. ;
_c25 cm.
500 _aAdded t.p.: The law for everyone.
650 0 _aLaw
_zIsrael
_xPopular works.
752 _aIsrael
_dTel Aviv
999 _c31157
_d31157